Conquista y crisis demográfica : la población indígena del occidente de Guatemala en el siglo XVI /

Resumen: Estudia la incidencia de la presencia española sobre la población del occidente de Guatemala en el siglo XVI. Generalmente se acepta que la crisis demográfica, consecuencia de la conquista, tuvo como causas de las guerras, las epidemias y los trabajos forzosos, entre otros factores. Para el...

Ausführliche Beschreibung

Gespeichert in:
Bibliographische Detailangaben
1. Verfasser: Zamora Acosta, Elías
Format: Unbekannt
Sprache:Spanish
Tags: Tag hinzufügen
Keine Tags, Fügen Sie den ersten Tag hinzu!

MARC

LEADER 000000000a22000000004500
001 010364
041 0 |a spa 
100 1 |a Zamora Acosta, Elías 
245 1 0 |a Conquista y crisis demográfica :   |b la población indígena del occidente de Guatemala en el siglo XVI /   |c Elías Zamora Acosta. 
520 |a Resumen: Estudia la incidencia de la presencia española sobre la población del occidente de Guatemala en el siglo XVI. Generalmente se acepta que la crisis demográfica, consecuencia de la conquista, tuvo como causas de las guerras, las epidemias y los trabajos forzosos, entre otros factores. Para el caso de Guatemala el autor demuestra, basándose en fuentes primarias tanto eclesiásticas como civiles, que las epidemias y no las guerras fueron la causa principal de la muerte del 40 por ciento de la población en el período 1524-1550. En términos generales, los microorganismos fueron la causa principal de la mortandad que ocacionó la pérdida de población del occidente de Guatemala, que se estima entre un 70 y 80 por ciento para todo el siglo XVI. 
773 0 |x 0252-9963  |d Guatemala : CIRMA  |t Mesoamérica  |g volumen 4, número 6 (1983), páginas 291-328 
942 |c ARC 
999 |c 17364  |d 17364